| 000 | 00470nam a22001337a 4500 | ||
|---|---|---|---|
| 040 | _cNUST | ||
| 082 | _a220 PRO | ||
| 100 |
_aMuhammad Hamza Akram Imran Khan Jahanzeb Zoaib _985638 |
||
| 110 |
_a Project Supervisor Dr. Sajid Ullah Butt Dr. Uzair Khaliq Uz Zaman _985639 |
||
| 245 | _aPR-SOF-2051-Design and Fabrication of an Autonomous Seed Plantation Mechanism | ||
| 260 |
_aISLAMABAD: _bNUST COLLEGE OF EME, _c2021. |
||
| 650 |
_aDE-MECH-39 _985640 |
||
| 942 |
_2ddc _cPR |
||
| 999 |
_c587041 _d587041 |
||